[Event "LSS RE-2009-0-00028"]
[Site "LSS email"]
[Date "2009.09.27"]
[Round "?"]
[White "Nobrac, Andrzej"]
[Black "Manheimer, Gunter"]
[Result "0-1"]
[WhiteElo "1340"]
[BlackElo "800"]
[PlyCount "46"]
[EventDate "2009.05.26"]
[EventType "tourn (corr)"]
[EventRounds "6"]
[EventCountry "GER"]
[SourceTitle "Telechess CBM 137"]
[Source "ChessBase"]
[SourceDate "2010.07.15"]
[SourceVersion "1"]
[SourceVersionDate "2010.07.15"]
[SourceQuality "1"]

1. e4 c5 2. c3 Nf6 3. e5 Nd5 4. Nf3 Nc6 5. Bc4 Nb6 6. Bb3 d5 7. exd6 Qxd6 8. 0-0 c4 9. Bc2 Bg4 10. Na3 Ne5 11. Ba4+ Nxa4 12. Qxa4+ Bd7 13. Qd1 Rc8 14. d4 cxd3 15. Nxe5 Qxe5 16. Qxd3 Bc6 17. Nc2 e6 18. Rd1 Be7 19. Nd4 Rd8 20. Be3 Qd5 21. Qf1 0-0 22. h3 a6 23. Nxc6 Qxc6 0-1

[Event "LSS RE-2009-0-00028"]
[Site "LSS email"]
[Date "2009.09.27"]
[Round "?"]
[White "Nobrac, Andrzej"]
[Black "Stadler, Pavel"]
[Result "0-1"]
[WhiteElo "1340"]
[BlackElo "1253"]
[PlyCount "34"]
[EventDate "2009.05.26"]
[EventType "tourn (corr)"]
[EventRounds "6"]
[EventCountry "GER"]
[SourceTitle "Telechess CBM 137"]
[Source "ChessBase"]
[SourceDate "2010.07.15"]
[SourceVersion "1"]
[SourceVersionDate "2010.07.15"]
[SourceQuality "1"]

1. e4 c5 2. c3 d5 3. exd5 Qxd5 4. d4 Nf6 5. Nf3 Bg4 6. dxc5 Bxf3 7. Qxf3 Qxf3 8. gxf3 e6 9. Be3 Na6 10. Bxa6 bxa6 11. Nd2 Rc8 12. b4 Nd5 13. Bd4 f6 14. c4 Nxb4 15. Kd1 Bxc5 16. Bxc5 Rxc5 17. Rb1 a5 0-1

[Event "LSS RE-2009-0-00026"]
[Site "LSS email"]
[Date "2009.08.14"]
[Round "?"]
[White "Nobrac, Andrzej"]
[Black "Saunders, Barrie"]
[Result "1/2-1/2"]
[WhiteElo "1340"]
[BlackElo "1357"]
[PlyCount "56"]
[EventDate "2009.04.24"]
[EventType "tourn (corr)"]
[EventRounds "6"]
[EventCountry "GER"]
[SourceTitle "Corr 2011"]
[Source "ChessBase"]
[SourceDate "2010.08.31"]
[SourceVersion "1"]
[SourceVersionDate "2010.08.31"]
[SourceQuality "1"]

1. d4 d6 2. Nf3 g6 3. c4 Bg7 4. Nc3 Nd7 5. g3 Ngf6 6. Bg2 0-0 7. 0-0 e5 8. dxe5 dxe5 9. e4 c6 10. Qd6 Nb6 11. Qxd8 Rxd8 12. b3 Be6 13. Bb2 Nbd7 14. Rad1 Ne8 15. Ng5 Nc5 16. Nxe6 Nxe6 17. Ne2 N8c7 18. Bc3 Na6 19. Rd2 Rxd2 20. Bxd2 Rd8 21. Bc3 Nac5 22. Nc1 Nd4 23. Kh1 Nce6 24. Rd1 c5 25. Bh3 Ng5 26. Bg2 Nge6 27. Bh3 Ng5 28. Bg2 Nge6 1/2-1/2

[Event "LSS RE-2009-0-00026"]
[Site "LSS email"]
[Date "2009.08.14"]
[Round "?"]
[White "Nobrac, Andrzej"]
[Black "Stringa, Alejandro J"]
[Result "1-0"]
[WhiteElo "1340"]
[BlackElo "1223"]
[PlyCount "31"]
[EventDate "2009.04.24"]
[EventType "tourn (corr)"]
[EventRounds "6"]
[EventCountry "GER"]
[SourceTitle "Corr 2013"]
[Source "ChessBase"]
[SourceDate "2012.11.12"]
[SourceVersion "1"]
[SourceVersionDate "2012.11.12"]
[SourceQuality "1"]

1. d4 Nf6 2. e3 e6 3. Nf3 d5 4. Bd3 c5 5. c3 Nc6 6. Nbd2 Be7 7. 0-0 0-0 8. Qe2 b6 9. e4 dxe4 10. Nxe4 cxd4 11. Nxf6+ Bxf6 12. Qe4 g6 13. Qxc6 Bb7 14. Qxb7 dxc3 15. Bh6 cxb2 16. Rad1 1-0

[Event "LSS No Engine Cup 02 Preliminary 7"]
[Site "LSS email"]
[Date "2009.07.02"]
[Round "?"]
[White "Andreani, Carlo"]
[Black "Nobrac, Andrzej"]
[Result "1-0"]
[WhiteElo "998"]
[BlackElo "1261"]
[PlyCount "25"]
[EventDate "2009.07.03"]
[EventType "tourn (corr)"]
[EventRounds "6"]
[EventCountry "GER"]
[SourceTitle "Corr 2013"]
[Source "ChessBase"]
[SourceDate "2012.11.12"]
[SourceVersion "1"]
[SourceVersionDate "2012.11.12"]
[SourceQuality "1"]

1. b3 d5 2. Bb2 Nf6 3. e3 e6 4. f4 c5 5. Nf3 Nc6 6. Bb5 a6 7. Bxc6+ bxc6 8. 0-0 Bd6 9. c4 Qb6 10. Nc3 Bd7 11. Na4 Qa7 12. Rc1 0-0 13. Qc2 1-0

[Event "LSS No Engine Cup Gr02 prel 07 email"]
[Site "LSS email"]
[Date "2009.07.02"]
[Round "?"]
[White "Korostenski, Frank"]
[Black "Nobrac, Andrzej"]
[Result "1-0"]
[WhiteElo "1924"]
[BlackElo "1340"]
[PlyCount "81"]
[EventDate "2009.07.03"]
[EventType "tourn (corr)"]
[EventRounds "6"]
[EventCountry "GER"]
[SourceTitle "Telechess CBM 135"]
[Source "ChessBase"]
[SourceDate "2010.03.17"]
[SourceVersion "1"]
[SourceVersionDate "2010.03.17"]
[SourceQuality "1"]

1. e4 e6 2. Nc3 d5 3. Nf3 Nf6 4. Qe2 Be7 5. g3 dxe4 6. Nxe4 0-0 7. Bg2 Nc6 8. 0-0 b6 9. d4 Bb7 10. c3 Nxe4 11. Qxe4 Qd5 12. Qg4 Rfe8 13. h4 Bf6 14. Ne1 Qd7 15. f4 Rad8 16. Nf3 Be7 17. Ng5 Na5 18. Bxb7 Nxb7 19. Be3 Nd6 20. Rae1 f5 21. Qf3 h6 22. Nh3 Nc4 23. Bc1 Bf6 24. Nf2 Nd6 25. h5 Rc8 26. Kh2 c5 27. dxc5 Rxc5 28. Rd1 Qc6 29. Qxc6 Rxc6 30. Rd3 Rd8 31. Rfd1 Be7 32. b3 Kf7 33. c4 Rcc8 34. g4 Ke8 35. Ba3 Nb7 36. Bb2 Rxd3 37. Nxd3 Bf6 38. Bxf6 gxf6 39. gxf5 exf5 40. Nb4 Nc5 41. Rd5 1-0

[Event "LSS No Engine Cup Gr01 prel 07 email"]
[Site "LSS email"]
[Date "2009.06.29"]
[Round "?"]
[White "Schalkwijk, Peter H"]
[Black "Nobrac, Andrzej"]
[Result "0-1"]
[WhiteElo "1528"]
[BlackElo "1304"]
[PlyCount "36"]
[EventDate "2009.06.30"]
[EventType "tourn (corr)"]
[EventRounds "6"]
[EventCountry "GER"]
[SourceTitle "Telechess CBM 135"]
[Source "ChessBase"]
[SourceDate "2010.03.17"]
[SourceVersion "1"]
[SourceVersionDate "2010.03.17"]
[SourceQuality "1"]

1. g3 e5 2. Bg2 d5 3. Nf3 Nc6 4. d3 Nf6 5. Bg5 h6 6. Bxf6 Qxf6 7. c3 Be6 8. Nbd2 0-0-0 9. 0-0 e4 10. dxe4 dxe4 11. Ne1 Qg5 12. e3 Qd5 13. Bxe4 Qxd2 14. Qa4 Qd7 15. Ng2 Kb8 16. Rad1 Bd6 17. b4 f5 18. Bf3 Ne5 0-1

[Event "LSS ZL-2009-0-00538"]
[Site "LSS email"]
[Date "2009.06.14"]
[Round "?"]
[White "Nobrac, Andrzej"]
[Black "Brouwer, Mariska Angela"]
[Result "0-1"]
[WhiteElo "1304"]
[BlackElo "1321"]
[PlyCount "36"]
[EventDate "2009.05.30"]
[EventType "match (corr)"]
[EventRounds "2"]
[EventCountry "GER"]
[SourceTitle "Corr 2011"]
[Source "ChessBase"]
[SourceDate "2010.08.31"]
[SourceVersion "1"]
[SourceVersionDate "2010.08.31"]
[SourceQuality "1"]

1. e4 Nc6 2. d4 d6 3. Nf3 Nf6 4. Nc3 e5 5. Bb5 Bd7 6. Bg5 Be7 7. d5 Nb8 8. Qe2 0-0 9. 0-0 h6 10. Be3 c6 11. Bc4 Qc7 12. h3 cxd5 13. Bxd5 Bc6 14. Bxc6 bxc6 15. Rfd1 Rd8 16. Rd2 Qb7 17. Rad1 Nbd7 18. Nh4 Qxb2 0-1

[Event "LSS RE-2009-0-00023"]
[Site "LSS email"]
[Date "2009.05.17"]
[Round "?"]
[White "Cuaycong, Virgilio"]
[Black "Nobrac, Andrzej"]
[Result "1-0"]
[WhiteElo "1364"]
[BlackElo "1292"]
[PlyCount "39"]
[EventDate "2009.02.24"]
[EventType "tourn (corr)"]
[EventRounds "6"]
[EventCountry "GER"]
[SourceTitle "Corr 2011"]
[Source "ChessBase"]
[SourceDate "2010.08.31"]
[SourceVersion "1"]
[SourceVersionDate "2010.08.31"]
[SourceQuality "1"]

1. e4 c5 2. Nf3 d6 3. d4 cxd4 4. Nxd4 Nf6 5. Nc3 a6 6. Be2 e5 7. Nb3 Be7 8. 0-0 Be6 9. f4 0-0 10. f5 Bxb3 11. axb3 Nbd7 12. Be3 Nc5 13. Bf3 Qb6 14. Qe1 Qc6 15. Qg3 Kh8 16. Rad1 Rad8 17. Nd5 Nxd5 18. Rxd5 Rd7 19. Rfd1 f6 20. Bxc5 1-0

[Event "LSS RD-2009-0-00020"]
[Site "LSS email"]
[Date "2009.04.24"]
[Round "?"]
[White "Schalkwijk, Peter H"]
[Black "Nobrac, Andrzej"]
[Result "1-0"]
[WhiteElo "1513"]
[BlackElo "1292"]
[PlyCount "61"]
[EventDate "2009.02.24"]
[EventType "tourn (corr)"]
[EventRounds "6"]
[EventCountry "GER"]
[SourceTitle "Corr 2011"]
[Source "ChessBase"]
[SourceDate "2010.08.31"]
[SourceVersion "1"]
[SourceVersionDate "2010.08.31"]
[SourceQuality "1"]

1. d4 d5 2. c4 c6 3. Nf3 Nf6 4. cxd5 cxd5 5. Nc3 Nc6 6. Bf4 Bf5 7. e3 e6 8. Bb5 Bd6 9. Ne5 Rc8 10. Qa4 Bxe5 11. dxe5 Nd7 12. e4 Bxe4 13. Nxe4 dxe4 14. 0-0 a6 15. Bxc6 Rxc6 16. Rfd1 Qc7 17. Rac1 Nxe5 18. Rxc6 Qxc6 19. Qd4 Nd3 20. Qxg7 Rf8 21. Bh6 Qc5 22. Rf1 b5 23. h3 f6 24. Qxh7 Rf7 25. Qg8+ Ke7 26. Qa8 Nxb2 27. Rc1 Nc4 28. Qb7+ Ke8 29. Qxa6 Qd5 30. Qc8+ Ke7 31. a4 1-0